000 01408nab a2200229 i 4500
001 768714001
003 CO-MdFUSB
005 20240627154658.0
008 240626t1995 us ||||| |||| 00| 0 eng d
040 _bspa
_cCO-MdFUSB
_dCO-MdFUSB
041 _aeng
100 _aMarkey, John J.,
_eautor
245 1 _aPraxis in liberation theology :
_bsome clarifications
_c/ John J. Markey
520 _aEste artículo intenta aclarar el significado del término praxis analizando la forma en que se utiliza y el significado que se le da en la obra de cuatro teólogos de la liberación latinoamericanos. Aunque encuentro que todos los autores están preocupados por superar el dualismo que parece existir entre teoría y práctica en gran parte de la teología contemporánea apelando a la idea de praxis, creo que este intento a menudo se queda corto porque los autores no logran cuestionar radicalmente el dualismo implícito en la epistemología de los filósofos kantianos y postkantianos con los que están dialogando, incluido Marx.
546 _aTexto en inglés.
650 7 _aHermenéutica
_9418
650 7 _aTeología de la liberación
_9449
650 7 _aFilosofía y religión
_9198
773 0 _049486
_982790
_d Pasadena
_oR0894
_tMissiology:
_w(CO-MdFUSB)97
_gVolumen 23, (número 2, 1995) páginas: 179 - 195
_qpágina: 179
942 _cANA
945 _aCatherine Arias Álvarez - Practicante SENA
999 _c70357
_d70357